书目信息 |
| 题名: |
地球之殇
|
|
| 作者: | 李长久 著 | |
| 分册: | ||
| 出版信息: | 北京 新华出版社 2014.10 |
|
| 页数: | 327页 | |
| 开本: | 24cm | |
| 丛书名: | ||
| 单 册: | ||
| 中图分类: | X37 | |
| 科图分类: | ||
| 主题词: | 自然资源--zi ran zi yuan--资源开发--研究--世界 | |
| 电子资源: | ||
| ISBN: | 978-7-5166-1249-1 | |
| 000 | 00900nam0 2200241 450 | |
| 001 | CAL 0120141413867 | |
| 005 | 20150819141352.87 | |
| 010 | @a978-7-5166-1249-1@dCNY38.00 | |
| 100 | @a20141027d2014 em y0chiy50 ea | |
| 101 | 0 | @achi |
| 102 | @aCN@b110000 | |
| 106 | @ar | |
| 200 | 1 | @a地球之殇@Adi qiu zhi shang@e资源开发与保护@f李长久著 |
| 210 | @a北京@c新华出版社@d2014.10 | |
| 215 | @a327页@d24cm | |
| 330 | @a本书分为舌尖上的隐患、从地上到地下、从陆地到海洋和挑战与机遇四篇。主要内容包括: 保护地球 珍惜土地 ; 保护森林 和谐发展 ; 全球草地开发与保护 ; 全球水荒与应对之策 ; 沙漠化威胁人类生存和发展 ; 保护湿地就是保护生态环境等。 | |
| 517 | 1 | @a资源开发与保护@Azi yuan kai fa yu bao hu |
| 586 | @a | |
| 606 | 0 | @a自然资源@Azi ran zi yuan@x资源开发@x研究@y世界 |
| 690 | @aX37@v5 | |
| 701 | 0 | @a李长久@Ali chang jiu@4著 |
| 801 | 0 | @aCN@c20150820 |
| 905 | @a河南城建学院图书馆@dX37@eL130@f2 | |
| 地球之殇:资源开发与保护/李长久著.-北京:新华出版社,2014.10 |
| 327页;24cm |
| ISBN 978-7-5166-1249-1:CNY38.00 |
| 本书分为舌尖上的隐患、从地上到地下、从陆地到海洋和挑战与机遇四篇。主要内容包括: 保护地球 珍惜土地 ; 保护森林 和谐发展 ; 全球草地开发与保护 ; 全球水荒与应对之策 ; 沙漠化威胁人类生存和发展 ; 保护湿地就是保护生态环境等。 |
| ● |
| 相关链接 |
|
|
|
正题名:地球之殇
索取号:X37/L130
 
预约/预借
| 序号 | 登录号 | 条形码 | 馆藏地/架位号 | 状态 | 备注 |
| 1 | 1166104 | 211661049 | 自科库501/501自科库 67排1列2层/ [索取号:X37/L130] | 在馆 | |
| 2 | 1166105 | 211661058 | 自科库501/501自科库 67排1列2层/ [索取号:X37/L130] | 在馆 |